OG Dragon Ball Techniques - Statistics

General Stats
  • This quiz has been taken 8 times
  • The average score is 11 of 31
Answer Stats
Picture Answer % Correct
Kamehameha
100%
Regeneration
57%
Super Kamehameha
57%
Tri-Beam
57%
Wolf Fang Fist
57%
Afterimage Technique
43%
Dodon Ray
43%
Evil Containment Wave
43%
Flight
43%
Hypnosis
43%
Resurrection
43%
Solar Flare
43%
Birthing An Egg
29%
Drunken Fist
29%
Foot Kamehameha
29%
Four Witches Technique
29%
Headbutt
29%
Ki Sensing
29%
Sleepy Boy Technique
29%
Telekinesis
29%
Telepathy
29%
Thunder Shock Surprise
29%
Tongue Stab
29%
Crazy Fist
14%
Explosive Demon Wave
14%
Jan-Ken Fist
14%
Mouth Energy Blast
14%
Multi-Form Technique
14%
Psychic Eyes
14%
Scatter Shot
14%
Shapeshifting
14%
No matching quizzes found
Score Distribution
Percent of People with Each Score
Percentile by Number Answered
Your Score History
You have not taken this quiz